Guess the Taylor Swift song no hints #46 - Statistics

General Stats
  • This quiz has been taken 47 times
  • The average score is 273 of 372
Answer Stats
Answer % Correct
A
100%
a
100%
I
100%
When
97%
to
94%
we
94%
We
94%
where
94%
Where
94%
you
94%
he
90%
He
90%
it
90%
know
90%
my
90%
No
90%
the
90%
all
87%
an
87%
And
87%
and
87%
in
87%
Like
87%
like
87%
me
87%
On
87%
on
87%
can
84%
can't
84%
Go
84%
go?
84%
I'm
84%
it's
84%
It's
84%
that
84%
think
84%
him
81%
his
81%
so
81%
So
81%
there
81%
up
81%
with
81%
at
77%
knows
77%
am
74%
Cause
74%
I'll
74%
never
74%
down
71%
every
71%
mine
71%
night
71%
oh
71%
one
71%
want
71%
got
68%
Got
68%
Or
68%
boy
65%
Boy
65%
good
65%
He's
65%
won't
65%
get
61%
Make
61%
make
61%
man
61%
under
61%
wanna
61%
Wanna
61%
alone
58%
he'll
58%
Lead
58%
look
58%
see
58%
sidewalk
58%
stay
58%
tell
58%
body
55%
eyes
55%
gonna
55%
hand
55%
heartbeat
55%
home
55%
stop
55%
what's
55%
ain't
52%
architect
52%
around
52%
better
52%
footprints
52%
hands
52%
mean
52%
seventeen
52%
understand
52%
understands
52%
Avenue
48%
boyish
48%
dark
48%
gotta
48%
myself
48%
nobody
48%
ones
48%
plans
48%
Skipping
48%
wait
48%
drawing
45%
knows
45%
soul
45%
stick
45%
16th
42%
attitude
42%
cold
42%
drive
42%
glass
42%
indigo
42%
lock
42%
bless
39%
obsessed
39%
smile
39%
thigh
39%
whisper
39%
follow
35%
Lyrical
35%
sparks
35%
No matching quizzes found
Score Distribution
Percent of People with Each Score
Percentile by Number Answered
Your Score History
You have not taken this quiz